| 000 | 00000nam##2200000za#4500 |
| 001 | 9.696469 |
| 003 | CaOODSP |
| 005 | 20210624235040 |
| 007 | cr ||||||||||| |
| 008 | 150407|1998||||xxc|||||o f|0| 0 eng|d |
| 040 | |aCaOODSP|beng |
| 043 | |an-cn--- |
| 086 | 1 |aF2-216/1998E-PDF |
| 110 | 1 |aCanada. |bDepartment of Finance. |
| 245 | 10|aExplanatory notes to draft income tax legislation on demutualization of insurance companies |h[electronic resource] |
| 260 | |aOttawa - Ontario : |bFinance Canada |c1988. |
| 300 | |a22p. |
| 590 | |a12-33-Supp|b2012-07-18 |
| 690 | 07|aIncome tax|2gcpds |
| 690 | 07|aInsurance companies|2gcpds |
| 690 | 07|aLegislation|2gcpds |
| 775 | 08|tAvant-projet de modification de la Loi de l'impôt sur le revenu concernant la démutualisation des compagnies d'assurance : |w(CaOODSP)9.640584 |
| 856 | 40|ahttp://publications.gc.ca|qPDF|s60 KB|uhttps://publications.gc.ca/collections/Collection/F2-216-1998-eng.pdf |